Grösste Schweizer Städte nach Buchstabe - F - Statistiken

Allgemein
  • Dieses Quiz wurde 109 mal gespielt
  • Das Durchschnittsergebnis liegt bei 4 aus 10
Antwortstatistiken
Kanton Einwohner Stadt % Korrekt
FR 37’653 Fribourg
100%
TG 26’093 Frauenfeld
86%
SZ 16’711 Freienbach
51%
SG 10’446 Flawil
46%
BL 6’507 Frenkendorf
40%
AG 5’984 Fislisbach
29%
ZH 9’461 Fällanden
24%
BE 7’014 Frutigen
23%
ZH 6’791 Fehraltorf
21%
VS 9’049 Fully
16%
Keine übereinstimmenden Quizze gefunden
Verteilung der Resultate
Anzahl Personen mit jedem Resultat
Perzentil nach korrekt beantworteten Fragen
Ihre Resultats-Entwicklung
Sie haben dieses Quiz noch nicht gespielt